Najistotniejsze minerały skałotwórcze - Statystyki

Ogólne statystyki
  • Ten quiz został rozwiązany 12 razy
  • Średni wynik to 5 z 15
Statystyki odpowiedzi
Obrazkowy Odpowiedź % Poprawnych
kwarc
100%
halit (sól kamienna)
82%
oliwin
64%
gips
55%
kalcyt
45%
granat
27%
dolomit
18%
hematyt
18%
magnetyt
18%
sylwin
18%
anhydryt
9%
iły
9%
serpentynit
9%
apatyt
0%
kordieryt
0%
Nie znaleziono quizów pasujących do podanych kryteriów
Rozkład punktacji
Procent ludzi z każdym wynikiem
Percentyl według liczby udzielonych odpowiedzi
Twoja historia wyników
Nie rozwiązałeś tego quizu